La chronique des rues, (Record no. 22804)

MARC details
000 -LEADER
fixed length control field 00643cam a22002291 4500
001 - CONTROL NUMBER
control field f 01002406
003 - CONTROL NUMBER IDENTIFIER
control field DLC
005 - DATE AND TIME OF LATEST TRANSACTION
control field 20260227111243.0
008 - FIXED-LENGTH DATA ELEMENTS--GENERAL INFORMATION
fixed length control field 831027s1900 fr 000 0 fre
010 ## - LIBRARY OF CONGRESS CONTROL NUMBER
LC control number f 01002406
035 ## - SYSTEM CONTROL NUMBER
System control number (OCoLC)10062937
040 ## - CATALOGING SOURCE
Original cataloging agency DLC
Transcribing agency TNJ
Modifying agency TNJ
-- DLC
042 ## - AUTHENTICATION CODE
Authentication code premarc
050 00 - LIBRARY OF CONGRESS CALL NUMBER
Classification number DC723
Item number .B38
100 1# - MAIN ENTRY--PERSONAL NAME
Personal name Beaurepaire, Edmond.
245 00 - TITLE STATEMENT
Title La chronique des rues,
Statement of responsibility, etc. par Edmond Beaurepaire ..
260 ## - PUBLICATION, DISTRIBUTION, ETC.
Place of publication, distribution, etc. Paris,
Name of publisher, distributor, etc. P. Sevin & E. Rey,
Date of publication, distribution, etc. 1900.
300 ## - PHYSICAL DESCRIPTION
Extent v.
Dimensions 18 cm.
490 0# - SERIES STATEMENT
Series statement Paris d'hier et d'aujourd'hui
651 #0 - SUBJECT ADDED ENTRY--GEOGRAPHIC NAME
Geographic name Paris (France)
651 #0 - SUBJECT ADDED ENTRY--GEOGRAPHIC NAME
Geographic name Paris (France)
General subdivision Social life and customs.

No items available.

Powered by Koha